| 000 | 00377nam a2200157Ia 4500 | ||
|---|---|---|---|
| 003 | OSt | ||
| 005 | 20231123055343.0 | ||
| 008 | 170524s9999 xx 000 0 und d | ||
| 020 | _a978-81-265-0968-3 | ||
| 040 | _cIIMT UNIVERSITY | ||
| 100 | _aTurban & Potter | ||
| 100 | _c2011 | ||
| 245 | 0 | _aINTRODUCTION TO INFORMATION TECHNOLOGY | |
| 260 | _aWiley India | ||
| 942 |
_2ddc _c02 |
||
| 999 |
_c2499 _d2499 |
||